000 00623nam a2200241Ia 4500
001 9614
005 20240113234218.0
007 ta
008 050727s1972 g b000 u asm u
040 _aCotton College,Assam
041 _aasm
082 _a891.4126
_bH 336 K
100 _aHazarika, Atulchandra .
245 0 _aKurukshattra /
_cAtulchandra Hazarika.
_hTextual Documents
250 _a1st ed. /
260 _aGauhati :
_bNew Book Stall ,
_c1972.
300 _a176p. ;
_c22cm.
653 _aAssamese Drama
653 _aMS-Assamese
942 _2ddc
_cBK
999 _c9601
_d9601